000 00231nam a2200109Ia 4500
008 190216s9999||||xx |||||||||||||| ||und||
100 _aThapliyal
245 0 _aHindi-Aparadi
260 _bRajadhani
650 _aHindi
942 _cBK
999 _c15491
_d15491